000 00535nam a2200133Ia 4500
008 171212s9999 xx 000 0 und d
020 _a9780833039132
100 _aLibicki, Martin C.;Chalk, Peter;Sisson, Melanie W.;Melanie Sisson,
245 _cLibicki, Martin C.;Chalk, Peter;Sisson, Melanie W.;Melanie Sisson,
_aExploring Terrorist Targeting Preferences
260 _bRAND Corporation
_c2007
650 _aPolitical Science
650 _aTerrorism -- United States -- Prevention
856 _uwww.jstor.org/stable/10.7249/mg483dhs
999 _c352063
_d352063